000 00501nam a22001817a 4500
005 20251108172004.0
008 250721s2001 xx 000 0 ara d
082 1 4 _a346.08/عصا
100 1 _aالعصار، رشاد
245 1 0 _aتشريعات مالية و مصرفية /
264 1 _aعمان :
_bدار البركة،
_c2001.
650 1 7 _aالقانون
650 1 7 _aالبنوك
650 1 7 _aالتأمين
700 1 _aشاهين، هشام
942 _2ddc
_cBK
999 _c67680
_d67680